00979nam a2200229 a 4500001001000000003000500010005001700015008004100032010001100073011001100084040000900095100003200104245016700136260006000303500006000363502009700423650005800520650002900578650003500607650003700642856007000679000113509CHAP20220329144358.0170726s2016 mx a fsm |||||||spa d a109970 a110942 cCHAP1 aPérez Domínguez, Samuel10aEfecto de aceites esenciales de plantas para el control de antracnosis en papaya (Colletotrichum gloeosporioides) /h[En línea]cpor Samuel Pérez Domínguez. aSan José Puyacatengo, Teapa, Tab. :bEl autor,c2016. aPara ver el contenido del material haga clic en la liga aTesis (Ing. Agr. Esp. en Zonas Tropicales) -- UACH. Unidad Regional Universitaria Sursureste14aAceites esencialesxEfecto en hongos fitopatógenos.14aAntracnosis de la papaya14aControl biológico de hongos.14aPapayaxEnfermedades por hongos. aFinding aiduhttp://10.13.5.2/tesis/sist113509.pdfzTeclea aquí